|
|
|
|
| LEADER |
00985naa a2200205 i 4500 |
| 001 |
acta78779 |
| 005 |
20230526084610.0 |
| 008 |
230526s2022 hu o 0|| eng d |
| 020 |
|
|
|a 978-963-306-906-6
|
| 040 |
|
|
|a SZTE Egyetemi Kiadványok Repozitórium
|b hun
|
| 041 |
|
|
|a eng
|
| 100 |
1 |
|
|a Jaritz Gerhard
|
| 245 |
1 |
0 |
|a Constructing good and bad "Others" in context-bound late medieval visual culture
|h [elektronikus dokumentum] /
|c Jaritz Gerhard
|
| 260 |
|
|
|a Szegedi Tudományegyetem Bölcsészet- és Társadalomtudományi Kar Angol-Amerikai Intézet
|b Szeged
|c 2022
|
| 300 |
|
|
|a 431-442
|
| 490 |
0 |
|
|a Fidele signaculum : írások Szőnyi György Endre tiszteletére = Writings in Honour of György Endre Szőnyi
|
| 650 |
|
4 |
|a Bölcsészettudományok
|
| 650 |
|
4 |
|a Művészetek (művészetek, művészettörténet, előadóművészetek, zene)
|
| 695 |
|
|
|a Vizuális kultúra - középkor
|
| 856 |
4 |
0 |
|u http://acta.bibl.u-szeged.hu/78779/1/fidele_signaculum_2022_431-442.pdf
|z Dokumentum-elérés
|